ბათუმის შოთა რუსთაველის სახელმწიფო უნივერსიტეტის ბიბლიოთეკა

ჩემი მოსაზრებები : My Opinions / (ბიბ.ჩანაწერი № 62186)

000 -ლიდერი
ფიქსირებული სიგრძის საკონტროლო ველი 01305nam a22002537a 4500
003 - საკონტროლო ნომრის იდენტიფიკატორი
საკონტროლო ველი Ge_BSU
005 - ბოლო ოპერაციის თარიღი და დრო
საკონტროლო ველი 20240730121226.0
008 - ფიქსირებული სიგრძის მონაცემთა ელემენტები - ზოგადი ინფორმაცია
ფიქსირებული სიგრძის საკონტროლო ველი 240730s2024 ge ||||| |||| 00| 0 geo d
020 ## - წიგნის საერთაშორისო სტანდარტული ნომერი
International Standard Book Number 9789941343957
041 ## - ენის კოდი
Language code of text/sound track or separate title geo
080 ## - უნივერსალური ათობითი კლასიფიკაციის ინდექსი
Universal Decimal Classification number 821.353.1-92 ფ-97
100 ## - მთავარი ჩანაწერი - პიროვნების სახელი
Personal name ფუტკარაძე, ედიშერ.
Relator term ავტორი
9 (RLIN) 18107
245 ## - ცნობა სათაურის შესახებ
Title ჩემი მოსაზრებები : My Opinions /
Statement of responsibility, etc ედიშერ ფუტკარაძე; რედ: ოთარ გამყრელიძე, ბესარიონ ზოიძე, რაჟდენ ფუტკარაძე
250 ## - გამოცემის ცნობა
Edition statement მე-2 გამოცემა,
Remainder of edition statement Second Edition
264 ## - წარმოების, გამოცემის, დისტრიბუციის და სხვა ცნობები
გამოცემის, წარმოების, დისტრიბუციის... ადგილი თბილისი:
გამოცემის, წარმოების, დისტრიბუციის... სახელწოდება მერიდიანი,
გამოცემის, წარმოების, დისტრიბუციის... თარიღი 2024.
300 ## - ფიზიკური აღწერა
Extent 428 გვ.:
Other physical details 20 სმ.
653 ## - INDEX TERM--UNCONTROLLED
Uncontrolled term ჩემი მოსაზრებები
653 ## - INDEX TERM--UNCONTROLLED
Uncontrolled term პუბლიცისტური წერილები
700 ## - ADDED ENTRY--PERSONAL NAME
Personal name გამყრელიძე,ოთარ
Relator term რედაქტორი
9 (RLIN) 23003
700 ## - ADDED ENTRY--PERSONAL NAME
Personal name ზოიძე, ბესარიონ
Relator term რედაქტორი
9 (RLIN) 23004
700 ## - ADDED ENTRY--PERSONAL NAME
Personal name ფუტკარაძე,რაჟდენ
Relator term რედაქტორი
9 (RLIN) 23005
773 ## - HOST ITEM ENTRY
Title ნაჩუქარი
942 ## - ADDED ENTRY ELEMENTS (KOHA)
Source of classification or shelving scheme
Koha item type წიგნი
ეგზემპლარები
ჩამოწერის სტატუსი დაკარგული ეგზემპლარის სტატუსი კლასიფიკაციის წყარო ან თაროზე გაწყობის სქემა დაზიანების სტატუსი არ გაიცემა მუდმივი მდებარეობა (დაცვის ადგილი) ამჟამინდელი ადგილსამყოფელი თაროზე განთავსების ადგილი შეძენის თარიღი ღირებულება, შესყიდვის ნორმალური ფასი სრული შენახვის შიფრი შტრიხკოდი ბოლო ოპერაციის თარიღი ეგზემპლარის მიმდევრობითი ნომერი (კეტერი?) ფასის ძალაში შესვლის თარიღი ეგზემპლარის სახეობა საჯარო შენიშვნა
          ბათუმის შოთა რუსთაველის სახელმწიფო უნივერსიტეტის მთავარი ბიბლიოთეკა ბათუმის შოთა რუსთაველის სახელმწიფო უნივერსიტეტის მთავარი ბიბლიოთეკა წიგნსაცავი 2024-07-30 10.00 821.353.1-92 ფ-97 66060 2024-07-30 66060 2024-07-30 წიგნი 10.00